| 000 | 00565ctc a22001935a 4500 | ||
|---|---|---|---|
| 001 | L141558 | ||
| 008 | 071130i19091961xxk eng u | ||
| 035 | _a(Sirsi) u141558 | ||
| 041 | 0 | _aeng | |
| 110 | 2 |
_aQuantity Surveyors' Association _93787 |
|
| 245 | 0 | 1 |
_a[Collection of documents relating to the Quantity Surveyors' Association] _h[manuscript] |
| 260 | _c1909-1961 | ||
| 300 |
_a1 folder _c25 x 36 cm. |
||
| 340 | _aPrinted and manuscript | ||
| 351 | _cFonds | ||
| 651 | 4 |
_aUnited Kingdom _y |
|
| 690 | _aABOUT RICS-RELATED ORGANISATIONS | ||
| 942 | _n0 | ||
| 999 |
_c116738 _d116738 |
||